<?xml version="1.0" encoding="UTF-8"?>
<record
    xmlns:xsi="http://www.w3.org/2001/XMLSchema-instance"
    xsi:schemaLocation="http://www.loc.gov/MARC21/slim http://www.loc.gov/standards/marcxml/schema/MARC21slim.xsd"
    xmlns="http://www.loc.gov/MARC21/slim">

  <leader>00660nam a22001217a 4500</leader>
  <datafield tag="040" ind1=" " ind2=" ">
    <subfield code="c">RUA</subfield>
  </datafield>
  <datafield tag="082" ind1=" " ind2=" ">
    <subfield code="a">DVM SOU 2025 B707 Or.</subfield>
  </datafield>
  <datafield tag="100" ind1=" " ind2=" ">
    <subfield code="a">SOUN DANE, &#x179F;&#x17CA;&#x1793;&#x17CB; &#x178A;&#x17B6;&#x178E;&#x17C1;</subfield>
  </datafield>
  <datafield tag="245" ind1=" " ind2=" ">
    <subfield code="a">Hypothyroidiism on dogs in veterinary hospital in sangkat phsar derm tkov, chamkamorn district,phnom penh. &#x1780;&#x179A;&#x178E;&#x17B8;&#x1780;&#x17D2;&#x179A;&#x1796;&#x17C1;&#x1789;&#x1791;&#x17B8;&#x179A;&#x17C9;&#x17BC;&#x17A2;&#x17CA;&#x17B8;&#x178F;&#x1781;&#x17D2;&#x179F;&#x17C4;&#x1799;&#x179B;&#x17BE;&#x179F;&#x17BB;&#x1793;&#x1781;&#x1793;&#x17C5;&#x1798;&#x1793;&#x17D2;&#x1791;&#x17B8;&#x1796;&#x17C1;&#x1791;&#x17D2;&#x1799;&#x179F;&#x178F;&#x17D2;&#x179C; &#x1780;&#x17D2;&#x1793;&#x17BB;&#x1784;&#x179F;&#x1784;&#x17D2;&#x1780;&#x17B6;&#x178F;&#x17CB;&#x178A;&#x17BE;&#x1798;&#x1790;&#x17D2;&#x1780;&#x17BC;&#x179C; &#x1781;&#x178E;&#x17D2;&#x178C;&#x1785;&#x17C6;&#x1780;&#x17B6;&#x179A;&#x1798;&#x1793; &#x179A;&#x17B6;&#x1787;&#x1792;&#x17B6;&#x1793;&#x17B8;&#x1797;&#x17D2;&#x1793;&#x17C6;&#x1796;&#x17C1;&#x1789;</subfield>
  </datafield>
  <datafield tag="260" ind1=" " ind2=" ">
    <subfield code="a">PHNOM PENH</subfield>
    <subfield code="b">RUA</subfield>
    <subfield code="c">2025</subfield>
  </datafield>
  <datafield tag="300" ind1=" " ind2=" ">
    <subfield code="a">x,41p.</subfield>
    <subfield code="b">ill.</subfield>
    <subfield code="c">29cm.</subfield>
  </datafield>
  <datafield tag="942" ind1=" " ind2=" ">
    <subfield code="c">NRM</subfield>
  </datafield>
  <datafield tag="999" ind1=" " ind2=" ">
    <subfield code="c">25700</subfield>
    <subfield code="d">25700</subfield>
  </datafield>
  <datafield tag="952" ind1=" " ind2=" ">
    <subfield code="0">0</subfield>
    <subfield code="1">0</subfield>
    <subfield code="4">0</subfield>
    <subfield code="6">DVM_SOU_2025_000000000000000_B707_OR_1</subfield>
    <subfield code="7">0</subfield>
    <subfield code="9">106233</subfield>
    <subfield code="a">LBB</subfield>
    <subfield code="b">LBB</subfield>
    <subfield code="c">B707</subfield>
    <subfield code="d">2026-04-20</subfield>
    <subfield code="o">DVM SOU 2025 B707 Or.1</subfield>
    <subfield code="p">B712014</subfield>
    <subfield code="r">2026-04-20</subfield>
    <subfield code="y">NRM</subfield>
  </datafield>
  <datafield tag="952" ind1=" " ind2=" ">
    <subfield code="0">0</subfield>
    <subfield code="1">0</subfield>
    <subfield code="4">0</subfield>
    <subfield code="6">DVM_SOU_2025_000000000000000_B707_OR_2</subfield>
    <subfield code="7">0</subfield>
    <subfield code="9">106234</subfield>
    <subfield code="a">LBB</subfield>
    <subfield code="b">LBB</subfield>
    <subfield code="c">B707</subfield>
    <subfield code="d">2026-04-20</subfield>
    <subfield code="o">DVM SOU 2025 B707 Or.2</subfield>
    <subfield code="p">B7121033</subfield>
    <subfield code="r">2026-04-20</subfield>
    <subfield code="y">NRM</subfield>
  </datafield>
</record>
